000
00328 a2200145 4500
001
174500
020
_a
040
_c
Magnum
100
_a
Valle, Luiz Alberto Caldas do
240
1
0
_a
A importancia de um parafusinho
_l
por
245
1
0
_a
A importancia de um parafusinho
362
0
_a
1899
697
_a
I/GERAL
942
_c
BK
999
_c
174500
_d
174500